Statistics for 100 Greatest Guitarists

Click here to take the quiz!

General Stats

  • This quiz has been taken 61 times
  • The average score is 21 of 100

Answer Stats

HintAnswer% Correct
1Jimi Hendrix
92%
3Jimmy Page
74%
2Eric Clapton
72%
11George Harrison
70%
4Keith Richards
68%
10Pete Townshend
66%
55John Lennon
60%
65Slash
60%
17Neil Young
55%
49Muddy Waters
51%
5Jeff Beck
51%
6B. B. King
49%
12Stevie Ray Vaughan
47%
7Chuck Berry
45%
26Brian May
43%
38The Edge
42%
8Eddie Van Halen
42%
73Kurt Cobain
40%
84Joe Perry
38%
71Robert Johnson
36%
97Steve Jones
36%
14David Gilmour
36%
96Bruce Springsteen
34%
13Albert King
34%
80Buddy Holly
30%
22Frank Zappa
28%
35John Lee Hooker
26%
70Jack White
26%
94Peter Buck
26%
33Prince
25%
18Les Paul
25%
20Carlos Santana
25%
27Bo Diddley
23%
44Mark Knopfler
21%
25Tony Iommi
21%
75Joni Mitchell
21%
46Jerry Garcia
21%
59Robbie Robertson
19%
9Duane Allman
17%
98Alex Lifeson
17%
54Joe Walsh
17%
77Willie Nelson
17%
23Buddy Guy
17%
40Tom Morello
17%
88Carl Perkins
17%
81Lou Reed
15%
24Angus Young
15%
21Chet Atkins
15%
50Ritchie Blackmore
15%
74Dick Dale
15%
36Randy Rhoads
15%
16Derek Trucks
15%
72John Frusciante
15%
87James Hetfield
13%
89Bonnie Raitt
13%
91Dave Davies
13%
28Johnny Ramone
13%
93Paul Simon
11%
85Andy Summers
11%
100Lindsey Buckingham
11%
57Rory Gallagher
11%
58Peter Green
11%
66Leslie West
9%
92Dimebag Darrell
9%
31Ry Cooder
8%
34Curtis Mayfield
8%
47Stephen Stills
8%
76Robby Krieger
8%
48Jonny Greenwood
8%
32Billy Gibbons
8%
51Johnny Marr
8%
30Elmore James
8%
29Scotty Moore
8%
99Thurston Moore
8%
64Duane Eddy
8%
63Johnny Winter
8%
83Eddie Hazel
6%
19James Burton
6%
37Mick Taylor
6%
39Steve Cropper
6%
41Mick Ronson
6%
61Dickey Betts
6%
56Albert Collins
6%
62Robert Fripp
6%
45Link Wray
6%
67T-Bone Walker
6%
68John McLaughlin
6%
69Richard Thompson
6%
82Nels Cline
4%
60Ron Asheton
4%
15Freddy King
4%
95Roger McGuinn
4%
53Otis Rush
4%
42Mike Bloomfield
4%
90Tom Verlaine
4%
78John Fahey
4%
86J Mascis
4%
43Hubert Sumlin
4%
52Clarence White
2%
79Mike Campbell
2%

Score Distribution

Percentile by Number Answered

Percent of People with Each Score

Your Score History

You have not taken this quiz